| 000 | 00921nam a2200301Ia 4500 | ||
|---|---|---|---|
| 003 | GCL | ||
| 008 | 140319s9999 xx 000 0 ara d | ||
| 040 |
_aGCL / _cGCL |
||
| 082 | 0 | 4 |
_a649 _bز ط |
| 100 | 1 | _aزكية حجازى | |
| 245 | 1 | 0 |
_aالطفولة من الحمل والولادة حتى المراهقة / _cزكية حجازى |
| 260 |
_a[S.N] : _bالهيئة المصرية العامة للكتاب ، _c1994 |
||
| 300 | _a507 | ||
| 490 | _a | ||
| 650 | 0 | 4 | _aالوراثة |
| 650 | 0 | 4 | _aرياض الاطفال |
| 650 | 0 | 4 | _aعلم النفس |
| 650 | 0 | 4 | _aمدارس الحضانة |
| 650 | 0 | 4 | _aالمراهقة |
| 650 | 0 | 4 | _aالامومة |
| 650 | 0 | 4 | _aالحياة الدينية |
| 650 | 0 | 4 | _aالرعاية |
| 650 | 0 | 4 | _aالعناية الصحية |
| 650 | 0 | 4 | _aالاطفال الرضع |
| 650 | 0 | 4 | _aالاطفال - نمو |
| 650 | 0 | 4 | _aالابحاث |
| 942 |
_2ddc _cBK |
||
| 999 |
_c29374 _d29374 |
||